000 01134nam a2200277Ia 4500
003 OSt
005 20221005103604.0
006 a|||||r|||| 00| 0
007 ta
008 221004b |||||||| |||| 00| 0 hin d
020 _a9789385593024 (hbk)
_cINR 400.00
024 _a42953
037 _b306, 15/03/2019, Shivalik Prakashan
_cTextual
040 _aCRL
_cCRL
_bhin
041 _2hin
_ahin
082 _aP1528,4:4k, 152Q8
100 _aदेथा, विजयदान, ले.
245 0 _aकहावती कथाएॅं
_b राजस्थानी की 332 कहावती कथाएॅं
246 _aKahāvatī kathāeॅan: rājasthānī kī 332 kahāvatī kathāeॅan
250 _aसंस्करण 4
260 _aजोधपुर
_bराजस्थानी गन्थागार भारत
_c2018
300 _a344पृ0
_ccm.
650 _aराजस्थानी साहित्य
942 _hP1528,4:4k, 152Q8
_cTEXL
_2cc
999 _c1010357
_d1010357